000 00748nam0a22002411 4500
001 rc\168485
005 20030307113050.5
010 _a5-337-00977-X
_91000
035 _a(NLR Aleph) 005431785
090 _a7585141
_c7585141
100 _a20030307d1991 u |0rusy50 ca
101 0 _arus
102 _aRU
105 _ay |||||||||
200 1 _aСоциальная направленность механизма хозяйствования в аграрном секторе
210 _aКиев
_cУрожай
_d1991
215 _a210, [2] с.
_d20
700 1 _aМолдаван
_bЛ. В.
_gЛюбовь Васильевна
801 0 _aRU
_bNLR
_gpsbo
801 1 _aRU
_bELAR
_2rusmarc
852 _aNLR
_j91-3/8518
942 _cBOOK
980 _aNB